[Event "Plymouth (MI Op/6/38)"]
[Site "?"]
[Date "1984.??.??"]
[Round "?"]
[White "Schell, Ken"]
[Black "Haluska, James"]
[Result "0-1"]
[WhiteElo "1675"]
[BlackElo "1995"]
[PlyCount "78"]
[EventDate "1984.??.??"]

{6/(38)} 1. e4 e5 2. Nf3 Nc6 3. Bb5 a6 4. Ba4 Nf6 5. O-O b5 6. Bb3 Be7 7. c3 d6
8. h3 O-O 9. d4 Bb7 10. Re1 Na5 11. Bc2 c5 12. Nbd2 Qc7 13. Nf1 Rac8 14. Bb1
Nc6 15. Be3 cxd4 16. cxd4 Nb4 17. dxe5 Nxe4 18. Bxe4 Bxe4 19. Rc1 Bc2 20. Qd2
dxe5 21. Re2 Rfd8 22. Qc3 Qb8 23. Qxe5 Qxe5 24. Nxe5 Bf6 25. a3 Bxe5 26. axb4
Bd3 27. Rxc8 Rxc8 28. Rd2 Bg6 29. Bc5 h6 30. Ne3 Kh7 31. Ng4 Bf4 32. Ne3 a5 33.
g3 axb4 34. Bxb4 Rc1+ 35. Rd1 Bxe3 36. Rxc1 Bxc1 37. Bc3 Bd3 38. g4 f6 39. Bd4
Kg6 $138 0-1

[Event "Plymouth (MI Op/2/67)"]
[Site "?"]
[Date "1984.??.??"]
[Round "?"]
[White "Schell, Ken"]
[Black "Fletcher, G.."]
[Result "1/2-1/2"]
[WhiteElo "1675"]
[BlackElo "1605"]
[PlyCount "47"]
[EventDate "1984.??.??"]

{2/(67)} 1. e4 e5 2. Nf3 Nc6 3. Bb5 a6 4. Ba4 b5 5. Bb3 Nf6 6. O-O Bc5 7. c3
O-O 8. d4 exd4 9. cxd4 Bb4 10. e5 Ne4 11. Bd5 Nf6 12. exf6 Qxf6 13. Bg5 Qd6 14.
Nc3 Bxc3 15. Bxc6 Qxc6 16. bxc3 Qxc3 17. Rc1 Qa5 18. Qb3 d6 19. Rc6 b4 20. Rfc1
Bb7 21. Rxc7 Bxf3 22. Be7 Rfe8 23. gxf3 Rxe7 24. R7c2 1/2-1/2

[Event "Plymouth (MI Op/3/66)"]
[Site "?"]
[Date "1984.??.??"]
[Round "?"]
[White "Sanborn, Richard"]
[Black "Kebrdle, M.."]
[Result "0-1"]
[WhiteElo "1695"]
[BlackElo "1975"]
[PlyCount "50"]
[EventDate "1984.??.??"]

{3/(66)} 1. e4 c6 2. f4 d5 3. e5 Bf5 4. d4 e6 5. Nf3 h5 6. Bd3 Bxd3 7. Qxd3 Nh6
8. O-O Qb6 9. Nc3 Nd7 10. a3 c5 11. dxc5 Bxc5+ 12. Kh1 a6 13. Na4 Qc7 14. Nxc5
Nxc5 15. Qe2 Nf5 16. Be3 Ne4 17. Bf2 h4 18. Be1 Nfg3+ 19. hxg3 hxg3+ 20. Kg1
Qc5+ 21. Bf2 gxf2+ 22. Rxf2 Nxf2 23. Qxf2 Rh1+ 24. Kxh1 Qxf2 25. Ng5 Ke7 0-1

[Event "Plymouth (MI Op/1b/18)"]
[Site "?"]
[Date "1984.??.??"]
[Round "?"]
[White "Sanborn, Richard"]
[Black "Baze, Lineas"]
[Result "0-1"]
[WhiteElo "1695"]
[BlackElo "1965"]
[PlyCount "116"]
[EventDate "1984.??.??"]

1. e4 c5 2. Nf3 e6 3. d4 cxd4 4. Nxd4 Nc6 5. Be2 Nf6 6. Nc3 Bb4 7. Bf3 d5 8.
exd5 Nxd5 9. Nxc6 bxc6 10. Bd2 Ba6 11. Ne2 O-O 12. O-O Bd6 13. b3 Qc7 14. c4
Ne7 15. g3 Rad8 16. Qc2 c5 17. Bc3 Be5 18. Rad1 Bxc3 19. Nxc3 Nc6 20. Ne2 Bb7
21. a3 Ne5 22. Be4 f5 23. f4 Bxe4 24. Qc3 Nf3+ 25. Kf2 Rxd1 26. Rxd1 Rd8 27.
Rxd8+ Qxd8 28. h3 Qd2 29. b4 Bd3 30. Qxd2 Nxd2 31. bxc5 Ne4+ 32. Ke3 Bxe2 33.
Kxe2 Nxc5 34. Ke3 Kf7 35. Kd4 Nd7 36. c5 Ke7 37. c6 Nb6 38. Kc5 Nc8 39. a4 Kd8
40. Kd4 Kc7 41. Ke5 Kxc6 42. Kxe6 g6 43. Kf6 Kd6 44. Kg7 Ke6 45. Kxh7 Kf6 46.
g4 fxg4 47. hxg4 a5 48. g5+ Kf5 49. Kg7 Nb6 50. Kf7 Nxa4 51. Ke7 Nb2 52. Kf7 a4
53. Kg7 a3 54. Kh6 a2 55. Kg7 a1=Q 56. Kh6 Nc4 57. Kh7 Nd6 58. Kh6 Qh8# 0-1

[Event "East Detroit (MCO/1/30)"]
[Site "?"]
[Date "1984.??.??"]
[Round "?"]
[White "Safronoff, W.."]
[Black "Sveen, L.."]
[Result "0-1"]
[WhiteElo "1605"]
[BlackElo "1835"]
[PlyCount "124"]
[EventDate "1984.??.??"]

{1/(30)} 1. e4 e6 2. d4 d5 3. e5 c5 4. c3 Nc6 5. Nf3 Qb6 6. Be2 cxd4 7. cxd4
Bb4+ 8. Nc3 Nge7 9. O-O Bxc3 10. bxc3 Bd7 11. Be3 O-O 12. Rb1 Qc7 13. Qd3 a6
14. Ng5 g6 15. Bd2 h6 16. Nh3 Kg7 17. Qe3 Rh8 18. Qf4 Ng8 19. Rfc1 b5 20. Rb3
Na5 21. Rb4 Rc8 22. Bd3 f6 23. exf6+ Nxf6 24. Qe5 Nc6 25. Qxc7 Rxc7 26. Rb3 g5
27. f3 Rhc8 28. Ra3 Nxd4 29. cxd4 Rxc1+ 30. Bxc1 Rxc1+ 31. Kf2 Bc8 32. Ke2 Nd7
33. Nf2 h5 34. Nd1 e5 35. dxe5 Nxe5 36. Rc3 Rxc3 37. Nxc3 Bb7 38. Ke3 Kf6 39.
Be2 Ke6 40. h3 h4 41. Kd4 Kd6 42. Bd1 Nc6+ 43. Kd3 Ke5 44. a3 b4 45. axb4 Nxb4+
46. Ke2 Bc6 47. Bb3 d4 48. Nd1 Bb5+ 49. Kd2 a5 50. Nb2 Kf4 51. Nc4 a4 52. Na3
axb3 53. Nxb5 b2 54. Na3 Kg3 55. Ke2 Kxg2 56. Nb1 Kxh3 57. Kf2 Nd5 58. Nd2 Nc3
59. Kg1 b1=Q+ 60. Nxb1 Nxb1 61. Kf2 d3 62. Ke1 Kg3 0-1

[Event "East Detroit (MCO/3/48)"]
[Site "?"]
[Date "1984.??.??"]
[Round "?"]
[White "Safronoff, W.."]
[Black "Serwatowski, Felix"]
[Result "1-0"]
[WhiteElo "1605"]
[BlackElo "1605"]
[PlyCount "85"]
[EventDate "1984.??.??"]

{3/(48)} 1. e4 e6 2. d4 d5 3. e5 Nc6 4. Nf3 a6 5. Bd3 Bb4+ 6. c3 Be7 7. O-O b6
8. Be3 Bd7 9. Na3 Bxa3 10. bxa3 a5 11. c4 Nge7 12. Qc2 Ng6 13. Rac1 Nce7 14. a4
c6 15. Bg5 Rc8 16. c5 bxc5 17. Qxc5 O-O 18. Bxg6 Nxg6 19. Bxd8 Rcxd8 20. Qxa5
Ra8 21. Qb4 Rfb8 22. Qd6 Rd8 23. Rb1 Be8 24. Qa3 c5 25. dxc5 Rxa4 26. Qb3 Raa8
27. Rfd1 Ba4 28. Qb2 Bxd1 29. Rxd1 h6 30. Rd4 Rdb8 31. Qc2 Rb7 32. c6 Rc7 33.
Rb4 Rac8 34. Nd4 Ne7 35. Rb6 f6 36. f4 g5 37. g3 Kf7 38. a4 gxf4 39. gxf4 Ra8
40. Rb7 Ra7 41. Rxa7 Rxa7 42. c7 Rxa4 43. Qxa4 1-0

[Event "East Detroit (MCO/5/38)"]
[Site "?"]
[Date "1984.??.??"]
[Round "?"]
[White "Safronoff, W.."]
[Black "Morneau, F.."]
[Result "0-1"]
[WhiteElo "1605"]
[BlackElo "1660"]
[PlyCount "106"]
[EventDate "1984.??.??"]

{5/(38)} 1. e4 e5 2. Nf3 Nc6 3. Bc4 Bc5 4. d3 Nf6 5. Bg5 d6 6. h3 a6 7. a3 b5
8. Ba2 Bb7 9. Bh4 O-O 10. g4 Nd4 11. Nbd2 Ne6 12. g5 Nh5 13. g6 Qd7 14. gxh7+
Kh8 15. Nxe5 dxe5 16. Qxh5 Nf4 17. Qf5 Qxf5 18. exf5 Ng2+ 19. Kf1 Nxh4 20. Rg1
Nxf5 21. Re1 Kxh7 22. Rxe5 Bd6 23. Rxf5 Bh2 24. Rg4 g6 25. Rxf7+ Rxf7 26. Bxf7
Bc8 27. Bxg6+ Kh6 28. Rg2 Bxh3 29. Be4 Bf4 30. Ke1 Bxd2+ 31. Kxd2 Bxg2 32. Bxa8
Bxa8 33. b4 Kg5 34. Ke3 Kf5 35. f4 Bd5 36. Kd4 Bg2 37. Ke3 Bd5 38. Kd4 Bf3 39.
Ke3 Bd1 40. c3 Bb3 41. d4 Bd5 42. Kd3 Kxf4 43. Kc2 Ke3 44. Kb2 Kd2 45. Kb1 Kxc3
46. Kc1 Kb3 47. Kd2 Kxa3 48. Kc3 c6 49. Kd3 Kxb4 50. Ke3 Kc3 51. Ke2 a5 52. Kd1
Kb2 53. Kd2 a4 0-1

[Event "East Detroit (MCO/1/34)"]
[Site "?"]
[Date "1984.??.??"]
[Round "?"]
[White "Safronoff, D.."]
[Black "Johnson, C.."]
[Result "0-1"]
[WhiteElo "1605"]
[BlackElo "1755"]
[PlyCount "46"]
[EventDate "1984.??.??"]

{1/(34)} 1. e4 e5 2. Nf3 d6 3. Nc3 Bg4 4. Bb5+ c6 5. Ba4 Nd7 6. h3 Bh5 7. d3
Be7 8. Be3 Ngf6 9. O-O d5 10. a3 d4 11. Bg5 dxc3 12. bxc3 h6 13. Bxf6 Bxf6 14.
Rb1 Nb6 15. Bb3 g5 16. c4 g4 17. Ne1 Rg8 18. c3 Qd7 19. Qd2 gxh3 20. Rb2 hxg2
21. Nxg2 Bf3 22. Rbb1 Rxg2+ 23. Kh1 Qh3# 0-1

[Event "East Detroit (MCO/3/42)"]
[Site "?"]
[Date "1984.??.??"]
[Round "?"]
[White "Safronoff, D.."]
[Black "Foord, Allan"]
[Result "0-1"]
[WhiteElo "1605"]
[BlackElo "1705"]
[PlyCount "86"]
[EventDate "1984.??.??"]

{3/(42)} 1. e4 c5 2. c4 Nc6 3. d3 d6 4. Nc3 Nf6 5. Nf3 Bg4 6. Bg5 e6 7. d4 Nxd4
8. Be2 Nxe2 9. Qxe2 Be7 10. O-O h6 11. Bh4 O-O 12. e5 dxe5 13. Ne4 Nxe4 14.
Qxe4 Bxf3 15. Bxe7 Bxe4 16. Bxd8 Raxd8 17. Rae1 Bd3 18. Rxe5 Bxf1 19. Kxf1 b6
20. g3 Rd2 21. Re2 Rfd8 22. Ke1 Rxe2+ 23. Kxe2 e5 24. a3 e4 25. a4 Rd4 26. b3
Rd3 27. a5 Rxb3 28. h4 bxa5 29. Kd1 a4 30. Kc2 Rb4 31. Kd2 a3 32. Ke3 Rxc4 33.
Kf4 a2 34. f3 a1=Q 35. fxe4 Qc1+ 36. Kf5 g6+ 37. Ke5 Qc3+ 38. Kf4 Qd3 39. Kg4
h5+ 40. Kg5 Qxe4 41. Kf6 Qe6+ 42. Kg5 Kg7 43. g4 Qxg4# 0-1

[Event "East Detroit (MCO/4/15)"]
[Site "?"]
[Date "1984.??.??"]
[Round "?"]
[White "Sacco, G.."]
[Black "Murray, David"]
[Result "0-1"]
[WhiteElo "1775"]
[BlackElo "2075"]
[PlyCount "42"]
[EventDate "1984.??.??"]

{4/(15)} 1. e4 c5 2. Nf3 d6 3. d4 cxd4 4. Nxd4 Nf6 5. Nc3 a6 6. Bg5 e6 7. f4
Qc7 8. Qf3 Nbd7 9. O-O-O Be7 10. Bd3 b5 11. Rhe1 Bb7 12. Qg3 h6 13. Bh4 b4 14.
Nd5 exd5 15. Nf5 dxe4 16. Qxg7 Rg8 17. Qxh6 Bf8 18. Qh7 Nxh7 19. Bxe4 Bxe4 20.
Rxe4+ Ne5 21. fxe5 dxe5 0-1

[Event "Plymouth (MI Op/6/21)"]
[Site "?"]
[Date "1984.??.??"]
[Round "?"]
[White "Sacco, G.."]
[Black "Lehotzky, Attila"]
[Result "0-1"]
[WhiteElo "1740"]
[BlackElo "2020"]
[PlyCount "127"]
[EventDate "1984.??.??"]

{6/(21)} 1. e4 g6 2. d4 Bg7 3. Nf3 d6 4. Nc3 Nf6 5. Bc4 O-O 6. Bg5 h6 7. Bh4
Nbd7 8. Qd2 Kh7 9. O-O a6 10. a4 c5 11. Rfe1 Rb8 12. Rad1 cxd4 13. Nxd4 Ne5 14.
Be2 Nc6 15. Nf3 Bg4 16. h3 Bxf3 17. Bxf3 Ne5 18. Be2 Rc8 19. Bf1 g5 20. Bg3 Nh5
21. Qe3 Ng6 22. Qf3 Nxg3 23. Qxg3 Nf4 24. Qe3 Qa5 25. Nd5 Ng6 26. c3 Rc6 27.
Qa7 e6 28. Qxb7 Ne5 29. Qb4 Qd8 30. Ne3 Qc7 31. Rd2 Rb8 32. Qa3 Bf8 33. Qa2 h5
34. Red1 g4 35. hxg4 hxg4 36. Be2 Bh6 37. g3 Nf3+ 38. Bxf3 Bxe3 39. fxe3 gxf3
40. Rh2+ Kg7 41. Kf2 Rh8 42. Rxh8 Kxh8 43. Rh1+ Kg7 44. Qb1 e5 45. Rh4 Rb6 46.
Qh1 Rxb2+ 47. Kxf3 Kf6 48. Rh6+ Ke7 49. Qh4+ Kd7 50. Qg4+ Kc6 51. Rh8 Rb8 52.
Rh7 Qe7 53. Qf5 Rf8 54. g4 Kc5 55. g5 Kc4 56. g6 fxg6 57. Rxe7 gxf5 58. exf5
Rxf5+ 59. Ke4 Rf6 60. Rc7+ Kb3 61. Ra7 Kxc3 62. Rxa6 d5+ 63. Kxd5 Rxa6 64. e4
0-1

[Event "Plymouth (MI Op/1b/16)"]
[Site "?"]
[Date "1984.??.??"]
[Round "?"]
[White "Sacco, G.."]
[Black "Kulbacki, James"]
[Result "0-1"]
[WhiteElo "1740"]
[BlackElo "1990"]
[PlyCount "77"]
[EventDate "1984.??.??"]

1. e4 e6 2. d4 d5 3. Nc3 Nf6 4. e5 Nfd7 5. Nf3 c5 6. Be3 Nc6 7. Be2 Be7 8. O-O
a6 9. a4 Qb6 10. a5 Nxa5 11. Na4 Qc7 12. dxc5 Nxc5 13. Nxc5 Bxc5 14. Bxc5 Qxc5
15. Bd3 h6 16. Qd2 Nc6 17. Rfb1 b5 18. b4 Qb6 19. h3 O-O 20. Qf4 f6 21. exf6
Rxf6 22. Qg3 Qb8 23. Qxb8 Rxb8 24. c3 e5 25. Bc2 d4 26. cxd4 Nxd4 27. Be4 Nxf3+
28. Bxf3 Bxh3 29. Re1 Re8 30. Bb7 Bc8 31. Bxc8 Rxc8 32. Rxe5 Rc2 33. Rf1 Rf4
34. Re6 Ra2 35. Rb1 Rfxf2 36. Rxa6 Rxg2+ 37. Kf1 Rh2 38. Kg1 Rhb2 39. Rxa2 $138
0-1

[Event "East Detroit (MCO/6/28)"]
[Site "?"]
[Date "1984.??.??"]
[Round "?"]
[White "Sacco, G.."]
[Black "Jackson, C.."]
[Result "1-0"]
[WhiteElo "1775"]
[BlackElo "1605"]
[PlyCount "119"]
[EventDate "1984.??.??"]

{6/(28)} 1. e4 c5 2. Nf3 Nc6 3. d4 cxd4 4. Nxd4 e6 5. Nc3 Nf6 6. Bc4 Be7 7. Bb3
O-O 8. O-O a6 9. Be3 Na5 10. f4 Nxb3 11. Nxb3 d6 12. a4 Bd7 13. Kh1 Rc8 14. Qf3
Qc7 15. a5 Rfd8 16. Bb6 Qc4 17. Bxd8 Bxd8 18. Rad1 Be7 19. e5 Bc6 20. Qd3 Qxd3
21. Rxd3 dxe5 22. fxe5 Nd5 23. Nxd5 Bxd5 24. Rd2 Bxb3 25. cxb3 Bb4 26. Rd7 f5
27. exf6 gxf6 28. g3 f5 29. Rxb7 Bxa5 30. b4 Bd8 31. Ra7 Rc6 32. Ra8 Rd6 33.
Ra1 Kf7 34. R8xa6 Rd2 35. R1a2 e5 36. b3 Rd3 37. Rf2 Rxb3 38. Rxf5+ Kg7 39.
Rxe5 Rxb4 40. Rd5 Bf6 41. Rd7+ Kg6 42. Rdd6 Rb1+ 43. Kg2 Rb2+ 44. Kf3 Rb3+ 45.
Ke4 Rb4+ 46. Kf3 Rb3+ 47. Kg4 Rb4+ 48. Kh3 Kf5 49. Rxf6+ Ke5 50. Rh6 Rb7 51.
Ra5+ Kd4 52. Rah5 Ke4 53. Rxh7 Rb3 54. Rf7 Rb2 55. Rf4+ Kd3 56. Rhh4 Ke2 57.
Re4+ Kd3 58. Ra4 Ke2 59. Ra3 Rb1 60. Kg2 1-0

[Event "Plymouth (MI Op/5/52)"]
[Site "?"]
[Date "1984.??.??"]
[Round "?"]
[White "Sacco, G.."]
[Black "Howell, P.."]
[Result "1-0"]
[WhiteElo "1740"]
[BlackElo "1605"]
[PlyCount "45"]
[EventDate "1984.??.??"]

{5/(52)} 1. e4 c5 2. Nf3 e6 3. d4 cxd4 4. Nxd4 Nf6 5. Nc3 Bb4 6. e5 Nd5 7. Bd2
Bxc3 8. bxc3 Qc7 9. Be2 Qxe5 10. O-O a6 11. Bd3 Nf6 12. Re1 Qc7 13. Bg5 Nd5 14.
Nf5 Rg8 15. Qf3 Nc6 16. Qxd5 f6 17. Qd6 Qa5 18. Bd2 Kf7 19. Nd4 Nxd4 20. Qxd4
g6 21. c4 Qxd2 22. Bxg6+ Rxg6 23. Qxd2 1-0

[Event "Plymouth (MI Op/3/62)"]
[Site "?"]
[Date "1984.??.??"]
[Round "?"]
[White "Sacco, G.."]
[Black "Fawaz, Mahmoud"]
[Result "1-0"]
[WhiteElo "1740"]
[BlackElo "1605"]
[PlyCount "103"]
[EventDate "1984.??.??"]

{3/(62)} 1. e4 e5 2. Nf3 Nc6 3. Bb5 Nge7 4. O-O d6 5. d4 Bd7 6. c3 g6 7. Be3 a6
8. Ba4 Bg7 9. Qd2 f5 10. Bh6 Bf6 11. Bg5 Bxg5 12. Nxg5 exd4 13. cxd4 fxe4 14.
Nxe4 Nf5 15. d5 Nce7 16. Nf6+ Kf7 17. Bxd7 Kxf6 18. Be6 c5 19. Nc3 Nd4 20. Ne4+
Kg7 21. Ng5 Re8 22. Nf7 Qc7 23. Qh6+ Kf6 24. Ng5 Nef5 25. Nxh7+ Ke7 26. Qxg6
Kd8 27. Bxf5 Nxf5 28. Qxf5 Qe7 29. Qf6 Kc7 30. Qxe7+ Rxe7 31. Ng5 Re5 32. Ne6+
Kd7 33. Rad1 Re2 34. f4 Rg8 35. Rf2 Re4 36. f5 Rh4 37. f6 Rgh8 38. g3 R4h6 39.
f7 Rxe6 40. dxe6+ Ke7 41. f8=Q+ Rxf8 42. Rxf8 Kxf8 43. Rxd6 c4 44. Rd7 b5 45.
Kf2 b4 46. Kf3 a5 47. Kf4 a4 48. Kf5 a3 49. Kf6 Kg8 50. Rf7 axb2 51. e7 b1=Q
52. e8=Q# 1-0

[Event "East Detroit (MCO/2/11)"]
[Site "?"]
[Date "1984.??.??"]
[Round "?"]
[White "Sacco, G.."]
[Black "Carroll, Deuvoy"]
[Result "0-1"]
[WhiteElo "1775"]
[BlackElo "2065"]
[PlyCount "116"]
[EventDate "1984.??.??"]

{2/(11)} 1. e4 d5 2. exd5 Qxd5 3. Nc3 Qa5 4. d4 c6 5. Bf4 Nf6 6. Qd2 Bf5 7. Nf3
e6 8. Bd3 Bb4 9. O-O Nbd7 10. a3 Bxc3 11. bxc3 O-O 12. Rfe1 Bg6 13. Ne5 Nxe5
14. Rxe5 Qb6 15. Ree1 Qa5 16. Re5 Nd5 17. c4 Qxd2 18. Bxd2 Nf6 19. Bxg6 hxg6
20. Rb1 Rfd8 21. c3 b6 22. Bg5 Rd7 23. Bxf6 gxf6 24. Re3 Rad8 25. Rd3 Kf8 26.
Kf1 Ke7 27. Ke2 f5 28. f4 f6 29. Rbd1 Rh8 30. h3 Rhd8 31. h4 Kf7 32. Kf3 e5 33.
fxe5 fxe5 34. Ke3 e4 35. R3d2 Kf6 36. Kf4 Rg8 37. g4 g5+ 38. hxg5+ Rxg5 39.
gxf5 Re7 40. Re2 Rxf5+ 41. Ke3 Rf3+ 42. Kd2 Kf5 43. Rde1 Kf4 44. Re3 Rxe3 45.
Rxe3 Rh7 46. Re2 Kf3 47. a4 Rh1 48. d5 cxd5 49. cxd5 Ra1 50. d6 Ra2+ 51. Kd1
Rxe2 52. d7 Re3 53. d8=Q Rd3+ 54. Qxd3+ exd3 55. Kd2 Ke4 56. Kc1 Kd5 57. Kd1
Kc4 58. Kd2 a6 0-1

[Event "Plymouth (MI Op/3/30)"]
[Site "?"]
[Date "1984.??.??"]
[Round "?"]
[White "Rogan, M.."]
[Black "Shaler, Tom"]
[Result "1-0"]
[WhiteElo "2090"]
[BlackElo "1650"]
[PlyCount "59"]
[EventDate "1984.??.??"]

{3/(30)} 1. e4 c5 2. Nc3 Nc6 3. g3 g6 4. Bg2 Bg7 5. Nge2 d6 6. d3 Nf6 7. O-O
O-O 8. f4 e5 9. f5 Rb8 10. h3 Ne7 11. g4 gxf5 12. exf5 Ne8 13. Ng3 h6 14. Nh5
f6 15. Qd2 Rf7 16. Nd5 Bf8 17. Qf2 Kh8 18. Qh4 Ng8 19. Bd2 Bd7 20. Rf2 b5 21.
Kh2 Rc8 22. Rg1 c4 23. Be4 Bc6 24. Nhxf6 Nexf6 25. Nxf6 Nxf6 26. g5 Nxe4 27.
dxe4 Rh7 28. Qg4 hxg5 29. Bxg5 Qe8 30. Bf6+ 1-0

[Event "Plymouth (MI Op/1a/13)"]
[Site "?"]
[Date "1984.??.??"]
[Round "?"]
[White "Rogan, M.."]
[Black "Key_Smith, G.."]
[Result "1-0"]
[WhiteElo "2090"]
[BlackElo "1805"]
[PlyCount "33"]
[EventDate "1984.??.??"]

1. e4 e6 2. d4 d5 3. Nc3 Nf6 4. Bg5 Be7 5. e5 Nfd7 6. Bxe7 Qxe7 7. f4 c5 8. Nb5
O-O 9. Nc7 cxd4 10. Nxa8 Nc5 11. Nf3 Nc6 12. Bd3 Nxd3+ 13. cxd3 f6 14. Rc1 fxe5
15. fxe5 Rf5 16. O-O Nxe5 17. Rxc8+ 1-0

[Event "Plymouth (MI Op/5/24)"]
[Site "?"]
[Date "1984.??.??"]
[Round "?"]
[White "Rogan, M.."]
[Black "Gaiefsky, Mike"]
[Result "1-0"]
[WhiteElo "2090"]
[BlackElo "1835"]
[PlyCount "61"]
[EventDate "1984.??.??"]

{5/(24)} 1. e4 c5 2. Nf3 Nc6 3. d4 cxd4 4. Nxd4 g6 5. Nc3 Bg7 6. Be3 a6 7. g3
d6 8. Bg2 Nf6 9. Nxc6 bxc6 10. e5 Nd5 11. Nxd5 cxd5 12. Bxd5 Rb8 13. Bc6+ Bd7
14. Bxd7+ Qxd7 15. Bd4 dxe5 16. Bc3 Qc6 17. O-O h5 18. h4 g5 19. hxg5 h4 20. g4
h3 21. f3 h2+ 22. Kh1 f5 23. gxf5 Rd8 24. Qe2 Rh5 25. Qe4 Qxe4 26. fxe4 Rxg5
27. Rf2 Rg4 28. Re1 Bf6 29. Rxh2 Bh4 30. Rg1 Rxe4 31. Rg8+ 1-0

[Event "Plymouth (MI Op/6/86)"]
[Site "?"]
[Date "1984.??.??"]
[Round "?"]
[White "Robinson, S.."]
[Black "Shields, B.."]
[Result "1-0"]
[WhiteElo "1605"]
[BlackElo "1605"]
[PlyCount "103"]
[EventDate "1984.??.??"]

{6/(86)} 1. e4 c5 2. Nf3 d6 3. d4 cxd4 4. Qxd4 Nc6 5. Bb5 Bd7 6. Bxc6 bxc6 7.
Bg5 c5 8. Qd2 Rb8 9. Qc1 Bb5 10. c4 Bc6 11. Nbd2 Qa5 12. O-O Nf6 13. e5 Ne4 14.
Be3 e6 15. b3 Nc3 16. Re1 Be7 17. Nf1 O-O 18. Bd2 Bxf3 19. Bxc3 Qd8 20. gxf3
Bg5 21. Bd2 Bh4 22. exd6 Rb7 23. Rd1 Qxd6 24. Bg5 Qc6 25. Bxh4 Qxf3 26. Bg3 h6
27. Qe3 Qf5 28. Qe5 Qxe5 29. Bxe5 f6 30. Bd6 Rc8 31. Rd2 a5 32. Ng3 f5 33. Re1
Kf7 34. Rde2 f4 35. Bxf4 Re8 36. Bd6 a4 37. bxa4 Rb4 38. f4 Rxc4 39. Re4 Rc2
40. a3 c4 41. Bb4 c3 42. Rc4 e5 43. Ne4 Ke6 44. Rxc3 Rb2 45. Nc5+ Kf5 46. Rxe5+
Rxe5 47. fxe5 Rb1+ 48. Kg2 Kxe5 49. Rd3 Kf5 50. a5 Rc1 51. a6 Rc2+ 52. Rd2 1-0

[Event "Plymouth (MI Op/3/77)"]
[Site "?"]
[Date "1984.??.??"]
[Round "?"]
[White "Robinson, S.."]
[Black "Schell, Ken"]
[Result "0-1"]
[WhiteElo "1605"]
[BlackElo "1675"]
[PlyCount "82"]
[EventDate "1984.??.??"]

{3/(77)} 1. e4 d5 2. exd5 Nf6 3. d4 Nxd5 4. c3 Nc6 5. Bc4 Nb6 6. Bb3 Bf5 7. Be3
e6 8. Nd2 Be7 9. Bc2 Qd7 10. f4 O-O-O 11. Ngf3 Nd5 12. Bf2 Nxf4 13. Bxf5 exf5
14. O-O h6 15. Bg3 Nd5 16. Ne5 Nxe5 17. Bxe5 Ne3 18. Qf3 Nxf1 19. Rxf1 f6 20.
Bg3 Rhe8 21. Nc4 Qd5 22. Qxf5+ Qxf5 23. Rxf5 Bf8 24. d5 Re4 25. b3 Re2 26. d6
cxd6 27. Rd5 Kc7 28. Rc5+ Kd7 29. Rb5 b6 30. Rd5 Kc6 31. Rd2 Rxd2 32. Nxd2 d5
33. c4 dxc4 34. Nxc4 b5 35. Na5+ Kb6 36. Kf1 Bd6 37. Bxd6 Rxd6 38. b4 Rd2 39.
a3 Ra2 40. h3 Rxa3 41. Ke2 Rxa5 0-1

[Event "Plymouth (MI Op/1b/42)"]
[Site "?"]
[Date "1984.??.??"]
[Round "?"]
[White "Robinson, S.."]
[Black "Rankin, H.."]
[Result "0-1"]
[WhiteElo "1605"]
[BlackElo "1605"]
[PlyCount "86"]
[EventDate "1984.??.??"]

1. e4 c6 2. d4 d5 3. Nc3 dxe4 4. Nxe4 Nf6 5. Nc3 Bg4 6. Nf3 e6 7. Bg5 Nbd7 8.
Be2 h6 9. Bh4 Qc7 10. h3 Bh5 11. Bg3 Bd6 12. Bxd6 Qxd6 13. Qd2 Nb6 14. Ne5 Bxe2
15. Nxe2 Nbd7 16. f4 Qe7 17. c3 Nxe5 18. fxe5 Nd7 19. b4 a5 20. Qb2 axb4 21.
Qxb4 Qxb4 22. cxb4 Ra7 23. O-O O-O 24. Rfc1 Rfa8 25. Rc2 Nb6 26. b5 cxb5 27.
Nc3 Kf8 28. Nxb5 Ra4 29. Nd6 Rxd4 30. Rf1 f5 31. exf6 Rxd6 32. f7 Nd5 33. Rb2
b6 34. Rd2 b5 35. Rd4 Rd7 36. Re4 Rxf7 37. Rxe6 Rxf1+ 38. Kxf1 Rxa2 39. Kg1 Nf4
40. Re4 Ne2+ 41. Kh2 Nc3 42. Re3 b4 43. Rf3+ Kg8 0-1

[Event "Plymouth (MI Op/2/85)"]
[Site "?"]
[Date "1984.??.??"]
[Round "?"]
[White "Robinson, S.."]
[Black "Nixon, Peter"]
[Result "1/2-1/2"]
[WhiteElo "1605"]
[BlackElo "1605"]
[PlyCount "96"]
[EventDate "1984.??.??"]

{2/(85)} 1. d4 d5 2. c4 c6 3. Nc3 Nf6 4. Bg5 Nbd7 5. Nf3 e6 6. a3 Bd6 7. e3 b6
8. Bd3 Ba6 9. b3 Qc7 10. cxd5 Bxd3 11. Qxd3 cxd5 12. Nb5 Qb8 13. Nxd6+ Qxd6 14.
O-O O-O 15. Rfc1 Ne4 16. Bf4 Qe7 17. b4 f5 18. Rc7 Rfc8 19. Rac1 Qd8 20. Qa6
Rxc7 21. Rxc7 e5 22. Rxa7 Rxa7 23. Qxa7 exf4 24. exf4 Ndf6 25. h3 Ne8 26. Ne5
Qc7 27. Qxc7 Nxc7 28. Nd7 b5 29. f3 Nc3 30. Kf2 Nb1 31. g4 fxg4 32. fxg4 Nxa3
33. Ne5 Nc2 34. Nc6 Kf7 35. Ke2 Na6 36. Na7 Nxd4+ 37. Kd3 Ne6 38. f5 Nf4+ 39.
Kd4 Nxb4 40. Nxb5 Nxh3 41. Kc5 Nd3+ 42. Kxd5 Kf6 43. Ke4 Ndf2+ 44. Kf3 Kg5 45.
Kg3 h5 46. gxh5 Kxh5 47. Nd4 Kg5 48. Ne6+ Kxf5 1/2-1/2

[Event "Plymouth (MI Op/5/86)"]
[Site "?"]
[Date "1984.??.??"]
[Round "?"]
[White "Robinson, S.."]
[Black "Golonka, Stan"]
[Result "0-1"]
[WhiteElo "1605"]
[BlackElo "1605"]
[PlyCount "113"]
[EventDate "1984.??.??"]

{5/(86)} 1. e4 c6 2. d4 d5 3. Nc3 e6 4. e5 c5 5. Nf3 Nc6 6. Bb5 Bd7 7. Ne2 Qa5+
8. Nc3 a6 9. Bxc6 Bxc6 10. Bd2 Qb6 11. Ne2 Bb5 12. Be3 Bxe2 13. Qxe2 Qb4+ 14.
c3 Qb6 15. Qd3 c4 16. Qc2 g6 17. Nd2 Nh6 18. h3 Nf5 19. Bg5 Be7 20. Bxe7 Kxe7
21. Rb1 Qc7 22. Nf3 Qa5 23. b3 b5 24. b4 Qb6 25. Qd2 h6 26. g4 Ng7 27. g5 Nf5
28. gxh6 Rxh6 29. Qg5+ Ke8 30. h4 Qd8 31. Qxd8+ Rxd8 32. Ke2 Ke7 33. Ng5 Rdh8
34. Nf3 Nxh4 35. Nxh4 Rxh4 36. Rxh4 Rxh4 37. Ra1 Kd7 38. a4 Kc6 39. axb5+ Kxb5
40. Ra5+ Kb6 41. Rc5 Rh8 42. Ke3 Rh3+ 43. f3 g5 44. Kf2 Rh6 45. Kg2 f5 46. exf6
Rxf6 47. Kg3 Kb7 48. Kg4 Rf4+ 49. Kg3 Rf8 50. Kg4 Rf7 51. Kxg5 Rxf3 52. Kg4
Rxc3 53. Kf4 Rd3 54. Ke5 Kb6 55. Kd6 Rb3 56. Kd7 Rxb4 57. Kxe6 {[0-1, 64?]} 0-1

[Event "Plymouth (MI Op/4/20)"]
[Site "?"]
[Date "1984.??.??"]
[Round "?"]
[White "Robinson, Dave"]
[Black "Rogan, M.."]
[Result "1/2-1/2"]
[WhiteElo "1760"]
[BlackElo "2090"]
[PlyCount "70"]
[EventDate "1984.??.??"]

{4/(20)} 1. e4 e5 2. Nf3 Nc6 3. Bb5 f5 4. d3 fxe4 5. dxe4 Nf6 6. O-O Bc5 7. Bg5
d6 8. Nc3 Bg4 9. Qd3 h6 10. Bh4 g5 11. Bg3 Nh5 12. Qd5 Qd7 13. Nxe5 dxe5 14.
Qxc5 O-O-O 15. Bxc6 Qxc6 16. Qxc6 bxc6 17. f3 Nxg3 18. hxg3 Be6 19. Rad1 Rd6
20. Rxd6 cxd6 21. b3 Kc7 22. Kf2 h5 23. Nd1 Rf8 24. Rh1 Bf7 25. Ne3 Bg6 26. Ke2
Kd7 27. g4 h4 28. Nf5 d5 29. Ke3 d4+ 30. Kd3 Bf7 31. g3 hxg3 32. Ke2 g2 33. Rg1
Rh8 34. Rxg2 c5 35. Kf2 a5 1/2-1/2

[Event "Plymouth (MI Op/2/53)"]
[Site "?"]
[Date "1984.??.??"]
[Round "?"]
[White "Robinson, Dave"]
[Black "Nolan, N.."]
[Result "1-0"]
[WhiteElo "1760"]
[BlackElo "1605"]
[PlyCount "47"]
[EventDate "1984.??.??"]

{2/(53)} 1. e4 e6 2. d4 d5 3. Nd2 Nf6 4. e5 Nfd7 5. Bd3 b6 6. Ne2 Ba6 7. Bxa6
Nxa6 8. O-O c5 9. c3 Be7 10. f4 O-O 11. Nf3 Nab8 12. Ng5 h6 13. Nh3 Nc6 14. f5
exf5 15. Rxf5 g6 16. Rf1 Bg5 17. Nxg5 hxg5 18. Qd3 Kg7 19. Qf3 Qe7 20. Qxd5
Rac8 21. Ng3 Nd8 22. Ne4 cxd4 23. Bxg5 f6 24. exf6+ 1-0

[Event "Plymouth (MI Op/6/48)"]
[Site "?"]
[Date "1984.??.??"]
[Round "?"]
[White "Robinson, Dave"]
[Black "Marinucci, M.."]
[Result "1-0"]
[WhiteElo "1760"]
[BlackElo "1605"]
[PlyCount "57"]
[EventDate "1984.??.??"]

{6/(48)} 1. e4 e5 2. Nf3 Nc6 3. Bb5 a6 4. Bxc6 dxc6 5. O-O Bd6 6. d4 Bg4 7.
dxe5 Bxf3 8. Qxf3 Bxe5 9. Rd1 Qf6 10. Qd3 Qd6 11. Qxd6 cxd6 12. f4 Bf6 13. Rxd6
Be7 14. Rd3 Nf6 15. e5 O-O 16. exf6 Bxf6 17. Nc3 Rfe8 18. Be3 Rac8 19. Rad1 c5
20. Bc1 Bd4+ 21. Kf1 Kf8 22. Ne2 f6 23. c3 Be3 24. Rxe3 Rxe3 25. Bxe3 a5 26.
Rd7 b6 27. Rb7 Re8 28. Kf2 Re6 29. Rxb6 1-0